000
00243 a2200121 4500
001
63549
082
_a
297.1 ASL
090
_c
37546
_d
37546
100
_a
Aslam,Barraj
245
_a
Tarak ul umaat
260
_a
Lahore
_b
Dost
300
_a
684
942
_a
caenust
_k
297.1 ASL
999
_c
298622
_d
298622